[Event "EUYCC 2025 - U10"]
[Site "?"]
[Date "2025.08.26"]
[Round "8.8"]
[White "Hornacek, Tomas"]
[Black "Ser, Karina"]
[Result "1-0"]
[BlackElo "1427"]
[WhiteElo "1710"]
[LiveChessVersion "1.4.8"]

1. e4 {[%clk 1:30:47]} d6 {[%clk 1:30:36]} 2. d4 {[%clk 1:30:39]} Nf6
{[%clk 1:30:34]} 3. Nc3 {[%clk 1:30:23]} Nbd7 {[%clk 1:30:01]} 4. f4
{[%clk 1:29:52]} e5 {[%clk 1:29:17]} 5. Nf3 {[%clk 1:28:58]} exd4
{[%clk 1:26:11]} 6. Qxd4 {[%clk 1:27:29]} c5 {[%clk 1:20:24]} 7. Qd3
{[%clk 1:26:15]} a6 {[%clk 1:19:25]} 8. Bd2 {[%clk 1:21:48]} Be7 {[%clk 1:18:14]}
9. h3 {[%clk 1:16:46]} O-O {[%clk 1:13:51]} 10. g4 {[%clk 1:13:06]} b5
{[%clk 1:08:07]} 11. g5 {[%clk 1:11:14]} Ne8 {[%clk 1:06:56]} 12. Rg1
{[%clk 1:06:54]} Nc7 {[%clk 1:04:08]} 13. f5 {[%clk 1:03:18]} f6 {[%clk 1:02:30]}
14. Bf4 {[%clk 0:56:35]} Ne8 {[%clk 1:00:23]} 15. g6 {[%clk 0:55:21]} h6
{[%clk 0:59:32]} 16. Qe3 {[%clk 0:54:46]} h5 {[%clk 0:57:41]} 17. Nh4
{[%clk 0:53:56]} Ne5 {[%clk 0:56:46]} 18. Qe2 1-0

[Event "EUYCC 2025 - U10"]
[Site "?"]
[Date "2025.08.26"]
[Round "8.9"]
[White "Karcz, Aleksandra"]
[Black "Siska, Samuel"]
[Result "0-1"]
[BlackElo "1687"]
[WhiteElo "1485"]
[LiveChessVersion "1.4.8"]

1. e4 {[%clk 1:30:59]} e6 {[%clk 1:30:20]} 2. d4 {[%clk 1:31:22]} d5
{[%clk 1:30:19]} 3. e5 {[%clk 1:31:46]} c5 {[%clk 1:30:14]} 4. c3
{[%clk 1:32:11]} Nc6 {[%clk 1:29:44]} 5. Nf3 {[%clk 1:32:34]} Qb6
{[%clk 1:29:27]} 6. Bd3 {[%clk 1:29:47]} Bd7 {[%clk 1:29:00]} 7. Bc2
{[%clk 1:30:10]} cxd4 {[%clk 1:25:25]} 8. cxd4 {[%clk 1:30:24]} Nge7
{[%clk 1:24:19]} 9. O-O {[%clk 1:24:45]} Nf5 {[%clk 1:24:13]} 10. Bxf5
{[%clk 1:25:03]} exf5 {[%clk 1:24:30]} 11. Nc3 {[%clk 1:21:28]} Be6
{[%clk 1:24:04]} 12. a3 {[%clk 1:19:24]} Be7 {[%clk 1:22:28]} 13. b4
{[%clk 1:16:38]} O-O {[%clk 1:20:31]} 14. Na4 {[%clk 1:12:32]} Qc7
{[%clk 1:16:27]} 15. Nc5 {[%clk 1:10:20]} b6 {[%clk 1:15:43]} 16. Nd3
{[%clk 1:09:23]} Nd8 {[%clk 1:06:31]} 17. Be3 {[%clk 1:08:09]} Nb7
{[%clk 1:05:47]} 18. Rc1 {[%clk 1:07:32]} Qd7 {[%clk 1:05:41]} 19. Qe2
{[%clk 1:03:10]} Rfc8 {[%clk 1:03:21]} 20. Bg5 {[%clk 0:58:49]} a5
{[%clk 1:00:00]} 21. Bxe7 {[%clk 0:57:42]} Qxe7 {[%clk 1:00:13]} 22. Qb2
{[%clk 0:56:33]} a4 {[%clk 0:53:23]} 23. Rxc8+ {[%clk 0:54:18]} Rxc8
{[%clk 0:52:51]} 24. Rc1 {[%clk 0:54:39]} Qd7 {[%clk 0:51:26]} 25. h3
{[%clk 0:54:03]} Rc7 {[%clk 0:48:34]} 26. Nf4 {[%clk 0:52:48]} h6
{[%clk 0:47:38]} 27. Qd2 {[%clk 0:49:48]} Qc8 {[%clk 0:47:24]} 28. Ne2
{[%clk 0:47:29]} Nd8 {[%clk 0:46:39]} 29. Nc3 {[%clk 0:45:33]} Qa6
{[%clk 0:43:30]} 30. Kh2 {[%clk 0:41:43]} Rc4 {[%clk 0:42:15]} 31. Qe2
{[%clk 0:40:47]} Qc8 {[%clk 0:40:00]} 32. Qd2 {[%clk 0:38:47]} f4
{[%clk 0:31:00]} 33. Ne2 {[%clk 0:36:42]} Rxc1 {[%clk 0:31:00]} 34. Qxc1
{[%clk 0:36:35]} Qxc1 {[%clk 0:31:04]} 35. Nxc1 {[%clk 0:36:59]} Nc6
{[%clk 0:31:21]} 36. Ne2 {[%clk 0:35:19]} Na7 {[%clk 0:31:00]} 37. Nc3
{[%clk 0:34:38]} b5 {[%clk 0:30:01]} 38. Ne1 {[%clk 0:33:31]} g5 {[%clk 0:27:58]}
39. Nd3 {[%clk 0:31:59]} Kf8 {[%clk 0:25:39]} 40. Kg1 {[%clk 0:29:55]} Ke7
{[%clk 0:25:37]} 41. Nc5 {[%clk 0:29:25]} f6 {[%clk 0:24:49]} 42. exf6+
{[%clk 0:27:23]} Kxf6 {[%clk 0:25:12]} 43. Kf1 {[%clk 0:27:29]} Ke7
{[%clk 0:25:18]} 44. Ke2 {[%clk 0:26:00]} Kd6 {[%clk 0:25:24]} 45. Kf3
{[%clk 0:17:14]} Bf5 {[%clk 0:24:14]} 46. Nb7+ {[%clk 0:08:21]} Kc7
{[%clk 0:24:11]} 47. Na5 {[%clk 0:08:16]} Be6 {[%clk 0:24:18]} 48. Ke2
{[%clk 0:04:20]} Kb6 {[%clk 0:21:38]} 49. Kf3 {[%clk 0:03:24]} Nc8
{[%clk 0:21:10]} 50. g3 {[%clk 0:02:29]} fxg3 {[%clk 0:21:07]} 51. fxg3
{[%clk 0:02:24]} Ne7 {[%clk 0:21:15]} 52. g4 {[%clk 0:02:16]} Ng6
{[%clk 0:20:42]} 53. Ne2 {[%clk 0:02:14]} Nf8 {[%clk 0:19:30]} 54. Ng3 Nd7
{[%clk 0:18:51]} 55. Nf5 {[%clk 0:01:53]} h5 {[%clk 0:18:12]} 56. Ng7
{[%clk 0:01:11]} hxg4+ {[%clk 0:18:31]} 57. hxg4 {[%clk 0:01:33]} Bf7
{[%clk 0:18:29]} 58. Nh5 {[%clk 0:00:57]} Bg6 {[%clk 0:18:18]} 59. Ke3
{[%clk 0:00:59]} Bxh5 {[%clk 0:16:48]} 60. gxh5 {[%clk 0:01:23]} Nf6
{[%clk 0:17:14]} 61. h6 {[%clk 0:01:44]} Ng4+ {[%clk 0:17:40]} 62. Kf3
{[%clk 0:02:03]} Nxh6 {[%clk 0:18:05]} 63. Kg3 {[%clk 0:02:24]} Nf5+
{[%clk 0:18:08]} 64. Kg4 {[%clk 0:02:50]} Nxd4 {[%clk 0:18:33]} 65. Kxg5
{[%clk 0:03:17]} Nb3 {[%clk 0:18:57]} 66. Kf4 {[%clk 0:03:37]} Nxa5
{[%clk 0:19:20]} 67. bxa5+ {[%clk 0:04:02]} Kxa5 {[%clk 0:19:45]} 68. Ke5
{[%clk 0:04:23]} b4 {[%clk 0:20:12]} 69. axb4+ {[%clk 0:04:45]} Kxb4
{[%clk 0:20:36]} 70. Kxd5 {[%clk 0:05:10]} a3 {[%clk 0:21:01]} 71. Kd4
{[%clk 0:05:38]} a2 {[%clk 0:21:25]} 72. Ke5 {[%clk 0:06:04]} a1=Q+
{[%clk 0:21:50]} 73. Kf5 {[%clk 0:06:30]} Qd4 {[%clk 0:22:14]} 74. Ke6
{[%clk 0:06:51]} Kc5 {[%clk 0:22:41]} 75. Kf5 {[%clk 0:07:13]} Kd5
{[%clk 0:23:05]} 76. Kg5 {[%clk 0:07:39]} Ke5 {[%clk 0:23:28]} 77. Kg6
{[%clk 0:07:55]} Ke6 {[%clk 0:23:48]} 78. Kg5 {[%clk 0:08:21]} Qe4
{[%clk 0:24:07]} 79. Kh6 {[%clk 0:08:35]} Qg4 {[%clk 0:24:27]} 80. Kh7
{[%clk 0:08:49]} Kf7 {[%clk 0:24:49]} 81. Kh6 {[%clk 0:09:11]} Qg6#
{[%clk 0:25:13]} 0-1

[Event "EUYCC 2025 - U10"]
[Site "?"]
[Date "2025.08.26"]
[Round "8.10"]
[White "Plancarova, Monika"]
[Black "Vanek, Michal"]
[Result "0-1"]
[BlackElo "1669"]
[WhiteElo "1406"]
[LiveChessVersion "1.4.8"]

1. e4 {[%clk 1:30:57]} c5 {[%clk 1:30:55]} 2. d4 {[%clk 1:31:18]} cxd4
{[%clk 1:31:21]} 3. c3 {[%clk 1:31:26]} dxc3 {[%clk 1:31:47]} 4. Nxc3
{[%clk 1:31:47]} e6 {[%clk 1:32:10]} 5. Nf3 {[%clk 1:32:01]} Nc6 {[%clk 1:32:20]}
6. Bc4 {[%clk 1:32:01]} Qc7 {[%clk 1:32:25]} 7. Nb5 {[%clk 1:30:51]} Qb8
{[%clk 1:32:05]} 8. g3 {[%clk 1:28:06]} Nf6 {[%clk 1:30:52]} 9. Qe2
{[%clk 1:22:27]} a6 {[%clk 1:26:34]} 10. Nc3 {[%clk 1:20:50]} b5 {[%clk 1:25:28]}
11. e5 {[%clk 1:16:18]} Ng4 {[%clk 1:24:10]} 12. Bd3 {[%clk 1:11:24]} Ngxe5
{[%clk 1:22:36]} 13. Nxe5 {[%clk 1:10:36]} Qxe5 {[%clk 1:19:29]} 14. Be4
{[%clk 1:10:05]} d5 {[%clk 1:19:13]} 15. Bf4 {[%clk 1:09:57]} Qf6
{[%clk 1:06:37]} 16. Bxd5 {[%clk 1:09:38]} Bd7 {[%clk 1:04:58]} 17. Rc1
{[%clk 0:59:20]} Bb4 {[%clk 1:01:57]} 18. O-O {[%clk 0:55:20]} Rc8
{[%clk 0:59:19]} 19. Ne4 {[%clk 0:53:03]} Qd8 {[%clk 0:54:06]} 20. Nd6+
{[%clk 0:53:13]} Bxd6 {[%clk 0:54:24]} 21. Bxd6 {[%clk 0:53:26]} Ne7
{[%clk 0:52:30]} 22. Bb7 {[%clk 0:52:24]} Rxc1 {[%clk 0:48:08]} 23. Rxc1
{[%clk 0:52:24]} Qb6 {[%clk 0:48:01]} 24. Bxe7 {[%clk 0:52:30]} Kxe7
{[%clk 0:46:21]} 25. Bg2 {[%clk 0:52:18]} h5 {[%clk 0:41:01]} 26. h4
{[%clk 0:48:58]} f6 {[%clk 0:32:44]} 27. Bd5 {[%clk 0:45:07]} Kf7
{[%clk 0:26:32]} 28. Rc6 {[%clk 0:26:03]} Bxc6 {[%clk 0:22:28]} 29. Qxe6+
{[%clk 0:26:26]} Kg6 {[%clk 0:22:08]} 30. Bxc6 {[%clk 0:26:49]} Qd8
{[%clk 0:20:37]} 31. Be4+ {[%clk 0:26:56]} Kh6 {[%clk 0:20:06]} 32. Qf7
{[%clk 0:26:45]} Qe8 {[%clk 0:19:32]} 33. Qd5 {[%clk 0:25:32]} g6
{[%clk 0:17:50]} 34. Qd2+ {[%clk 0:24:50]} Kg7 {[%clk 0:17:32]} 35. Qf4
{[%clk 0:24:38]} Qe5 {[%clk 0:16:57]} 36. Qe3 {[%clk 0:23:31]} Re8
{[%clk 0:16:50]} 37. Qa7+ {[%clk 0:23:45]} Re7 {[%clk 0:16:58]} 38. Qxa6
{[%clk 0:23:02]} Qxe4 {[%clk 0:16:45]} 39. Qxb5 {[%clk 0:23:12]} Qf3
{[%clk 0:15:54]} 40. Qf1 {[%clk 0:23:04]} Qe2 {[%clk 0:16:03]} 41. Qg2
{[%clk 0:22:39]} Qxb2 {[%clk 0:15:10]} 42. Qa8 {[%clk 0:23:04]} Qb1+
{[%clk 0:14:56]} 43. Kg2 {[%clk 0:23:14]} Qe4+ {[%clk 0:15:16]} 44. Qxe4 Rxe4
{[%clk 0:15:42]} 45. Kf3 {[%clk 0:23:42]} Ra4 {[%clk 0:15:56]} 46. a3
{[%clk 0:23:38]} Rxa3+ {[%clk 0:16:20]} 47. Kf4 {[%clk 0:23:58]} Ra4+
{[%clk 0:16:08]} 48. Kf3 {[%clk 0:24:19]} g5 {[%clk 0:16:25]} 49. hxg5
{[%clk 0:24:21]} fxg5 {[%clk 0:16:50]} 50. Kg2 {[%clk 0:24:33]} h4
{[%clk 0:16:54]} 51. gxh4 {[%clk 0:24:43]} gxh4 {[%clk 0:17:03]} 52. Kh2
{[%clk 0:24:20]} Rg4 {[%clk 0:17:12]} 53. Kh3 {[%clk 0:24:33]} Rg6
{[%clk 0:17:32]} 54. Kh2 {[%clk 0:24:40]} h3 {[%clk 0:17:53]} 55. Kh1
{[%clk 0:24:35]} Kf6 {[%clk 0:18:18]} 56. f4 {[%clk 0:23:52]} Kf5
{[%clk 0:18:42]} 57. Kh2 {[%clk 0:24:13]} Kxf4 {[%clk 0:19:07]} 58. Kh1
{[%clk 0:24:19]} h2 {[%clk 0:19:25]} 59. Kxh2 {[%clk 0:24:33]} Kf3
{[%clk 0:19:47]} 60. Kh1 {[%clk 0:24:43]} Kf2 {[%clk 0:20:05]} 61. Kh2
{[%clk 0:25:02]} Rh6# {[%clk 0:20:21]} 0-1

[Event "EUYCC 2025 - U10"]
[Site "?"]
[Date "2025.08.26"]
[Round "8.12"]
[White "Balmus, Alexa"]
[Black "Khichane, Selena"]
[Result "1/2-1/2"]
[BlackElo "1528"]
[WhiteElo "1595"]
[LiveChessVersion "1.4.8"]

1. e4 {[%clk 1:30:58]} e5 {[%clk 1:30:50]} 2. Nf3 {[%clk 1:31:25]} Nf6
{[%clk 1:31:13]} 3. Nc3 {[%clk 1:31:51]} Bb4 {[%clk 1:31:32]} 4. d3
{[%clk 1:32:09]} d5 {[%clk 1:31:25]} 5. exd5 {[%clk 1:32:10]} Nxd5
{[%clk 1:31:41]} 6. Bd2 {[%clk 1:32:19]} Nxc3 {[%clk 1:31:34]} 7. Bxc3
{[%clk 1:32:29]} Bxc3+ {[%clk 1:31:31]} 8. bxc3 {[%clk 1:32:50]} O-O
{[%clk 1:31:19]} 9. Be2 {[%clk 1:33:12]} Re8 {[%clk 1:30:56]} 10. O-O
{[%clk 1:33:31]} c5 {[%clk 1:30:17]} 11. h3 {[%clk 1:33:06]} Nc6 {[%clk 1:30:10]}
12. Re1 {[%clk 1:33:24]} Bf5 {[%clk 1:28:38]} 13. Qd2 {[%clk 1:32:35]} e4
{[%clk 1:26:04]} 14. Nh2 {[%clk 1:31:48]} Qd7 {[%clk 1:17:32]} 15. Bg4
{[%clk 1:31:07]} Rad8 {[%clk 1:15:47]} 16. Bxf5 {[%clk 1:30:04]} Qxf5
{[%clk 1:15:58]} 17. Qe2 {[%clk 1:28:35]} Qe5 {[%clk 1:14:04]} 18. Qxe4
{[%clk 1:26:49]} Qxe4 {[%clk 1:09:18]} 19. Rxe4 {[%clk 1:26:11]} Rxe4
{[%clk 1:09:15]} 20. dxe4 {[%clk 1:26:26]} Ne5 {[%clk 1:08:46]} 21. Ng4
{[%clk 1:24:11]} Nc4 {[%clk 1:08:06]} 22. f3 {[%clk 1:23:13]} Na3
{[%clk 1:07:26]} 23. Ne3 {[%clk 1:22:55]} Rd2 {[%clk 1:04:52]} 24. Rc1
{[%clk 1:20:54]} Nb5 {[%clk 1:00:09]} 25. Rd1 {[%clk 1:18:24]} Rxd1+
{[%clk 0:59:25]} 26. Nxd1 {[%clk 1:18:47]} Na3 {[%clk 0:59:48]} 27. Ne3
{[%clk 1:18:06]} Nb5 {[%clk 0:58:49]} 28. Nd5 {[%clk 1:17:32]} Kf8
{[%clk 0:57:26]} 29. Kf2 {[%clk 1:17:33]} Na3 {[%clk 0:57:27]} 30. Ne3
{[%clk 1:17:42]} Nb5 {[%clk 0:57:41]} 31. Nd1 {[%clk 1:16:18]} Na3
{[%clk 0:58:02]} 32. Ne3 {[%clk 1:16:36]} Nb5 {[%clk 0:58:12]} 33. c4
{[%clk 1:15:45]} Nc3 {[%clk 0:57:53]} 34. a3 {[%clk 1:14:10]} a5 {[%clk 0:57:18]}
35. Nd5 {[%clk 1:13:54]} Nb1 {[%clk 0:56:39]} 36. a4 {[%clk 1:13:49]} Na3
{[%clk 0:56:53]} 37. Ne3 {[%clk 1:12:53]} Nb1 {[%clk 0:57:07]} 38. Nd1
{[%clk 1:12:39]} Na3 {[%clk 0:57:24]} 39. Ne3 {[%clk 1:11:59]} Nb1
{[%clk 0:57:47]} 40. Nd1 {[%clk 1:10:40]} Na3 {[%clk 0:58:10]} 41. Nb2
{[%clk 1:05:38]} Nxc2 {[%clk 0:57:57]} 42. Nd3 {[%clk 1:05:56]} b6
{[%clk 0:57:53]} 43. Ke2 {[%clk 1:04:47]} Nb4 {[%clk 0:57:40]} 44. Kd2
{[%clk 1:02:47]} 1/2-1/2

[Event "EUYCC 2025 - U10"]
[Site "?"]
[Date "2025.08.26"]
[Round "8.15"]
[White "Bartosova, Emma"]
[Black "Jongejan, Evienne"]
[Result "0-1"]
[BlackElo "1576"]
[WhiteElo "1409"]
[LiveChessVersion "1.4.8"]

1. e4 {[%clk 1:30:59]} e5 {[%clk 1:30:53]} 2. Nf3 {[%clk 1:31:19]} Nc6
{[%clk 1:31:04]} 3. Bc4 {[%clk 1:31:21]} Bc5 {[%clk 1:30:53]} 4. b4
{[%clk 1:31:04]} Nxb4 {[%clk 1:30:16]} 5. c3 {[%clk 1:29:20]} Nc6
{[%clk 1:30:33]} 6. d4 {[%clk 1:26:57]} exd4 {[%clk 1:30:19]} 7. cxd4
{[%clk 1:26:46]} Bb4+ {[%clk 1:30:33]} 8. Bd2 {[%clk 1:24:39]} Bxd2+
{[%clk 1:29:57]} 9. Qxd2 {[%clk 1:24:34]} d6 {[%clk 1:29:01]} 10. O-O
{[%clk 1:24:33]} Bg4 {[%clk 1:28:53]} 11. Ng5 {[%clk 1:18:48]} Bh5
{[%clk 1:28:10]} 12. Qe3 {[%clk 1:13:14]} Nxd4 {[%clk 1:23:39]} 13. Qxd4
{[%clk 1:09:13]} Qxg5 {[%clk 1:23:56]} 14. Re1 {[%clk 1:06:13]} Qe5
{[%clk 1:22:26]} 15. Qxe5+ {[%clk 1:05:18]} dxe5 {[%clk 1:22:45]} 16. Nc3
{[%clk 1:03:16]} Ne7 {[%clk 1:22:22]} 17. f3 {[%clk 1:03:26]} O-O-O
{[%clk 1:21:12]} 18. Rab1 {[%clk 1:02:40]} Rd4 {[%clk 1:19:51]} 19. Bf1
{[%clk 0:56:33]} Nc6 {[%clk 1:15:28]} 20. Nd5 {[%clk 0:55:05]} Rd2
{[%clk 1:13:07]} 21. Bc4 {[%clk 0:42:30]} Nd4 {[%clk 1:12:23]} 22. Kf1
{[%clk 0:39:48]} c6 {[%clk 1:05:15]} 23. Ne7+ {[%clk 0:38:03]} Kc7
{[%clk 1:04:09]} 24. g4 {[%clk 0:35:11]} Nxf3 {[%clk 1:03:56]} 25. Re2
{[%clk 0:33:02]} Bxg4 {[%clk 1:03:48]} 26. Rxd2 {[%clk 0:31:22]} Nxd2+
{[%clk 1:04:06]} 27. Kf2 {[%clk 0:31:21]} Nxb1 {[%clk 1:04:23]} 28. Bxf7
{[%clk 0:31:06]} Rf8 {[%clk 1:04:32]} 29. Kg3 {[%clk 0:26:35]} Rxf7
{[%clk 1:04:37]} 30. Kxg4 {[%clk 0:26:42]} Rxe7 {[%clk 1:04:55]} 31. Kf3
{[%clk 0:27:01]} c5 {[%clk 1:04:42]} 32. Ke3 {[%clk 0:23:38]} Rd7
{[%clk 1:05:03]} 33. Kf3 {[%clk 0:23:23]} c4 {[%clk 1:05:27]} 34. Kg4
{[%clk 0:21:01]} c3 {[%clk 1:05:49]} 35. Kf5 {[%clk 0:20:58]} c2 {[%clk 1:06:37]}
36. Kxe5 {[%clk 0:20:48]} c1=Q {[%clk 1:06:52]} 37. Kf5 {[%clk 0:21:06]} Re7
{[%clk 1:07:01]} 38. e5 {[%clk 0:20:20]} Qe3 {[%clk 1:07:10]} 39. Kg4
{[%clk 0:17:38]} Rxe5 {[%clk 1:06:43]} 40. Kh4 {[%clk 0:17:57]} Qg5+
{[%clk 1:06:52]} 41. Kh3 {[%clk 0:18:03]} Re3# {[%clk 1:07:16]} 0-1

[Event "EUYCC 2025 - U10"]
[Site "?"]
[Date "2025.08.27"]
[Round "9.1"]
[White "Lobina, Thomas"]
[Black "Vinet, Matelo"]
[Result "1-0"]
[BlackElo "1708"]
[WhiteElo "1959"]
[LiveChessVersion "1.4.8"]

1. d4 Nf6 {[%clk 1:30:54]} 2. Nf3 {[%clk 1:31:23]} d5 {[%clk 1:31:15]} 3. c4
{[%clk 1:31:48]} e6 {[%clk 1:31:38]} 4. g3 {[%clk 1:32:14]} Be7 {[%clk 1:31:16]}
5. Bg2 {[%clk 1:32:27]} O-O {[%clk 1:31:03]} 6. O-O {[%clk 1:32:49]} dxc4
{[%clk 1:28:26]} 7. Qc2 {[%clk 1:33:15]} a6 {[%clk 1:28:45]} 8. a4
{[%clk 1:33:40]} Bd7 {[%clk 1:29:10]} 9. Qxc4 {[%clk 1:34:03]} Bc6
{[%clk 1:29:36]} 10. Bg5 {[%clk 1:34:26]} Nbd7 {[%clk 1:29:59]} 11. Nc3
{[%clk 1:33:52]} h6 {[%clk 1:30:21]} 12. Bxf6 {[%clk 1:34:14]} Nxf6
{[%clk 1:30:44]} 13. Rfe1 {[%clk 1:29:20]} Bd5 {[%clk 1:31:03]} 14. Qd3
{[%clk 1:28:07]} Bxf3 {[%clk 1:31:26]} 15. Bxf3 {[%clk 1:28:25]} c6
{[%clk 1:31:53]} 16. e4 {[%clk 1:22:37]} e5 {[%clk 1:31:21]} 17. d5
{[%clk 1:14:26]} Rc8 {[%clk 0:53:34]} 18. Red1 {[%clk 1:05:19]} Qd7
{[%clk 0:47:24]} 19. d6 {[%clk 1:00:37]} Bd8 {[%clk 0:44:55]} 20. a5
{[%clk 0:48:12]} Nh7 {[%clk 0:42:01]} 21. Qe2 {[%clk 0:44:05]} Ng5
{[%clk 0:40:39]} 22. Bg4 {[%clk 0:44:03]} Ne6 {[%clk 0:41:04]} 23. Qc4
{[%clk 0:42:32]} b5 {[%clk 0:37:31]} 24. axb6 {[%clk 0:40:27]} Bxb6
{[%clk 0:37:54]} 25. Rxa6 {[%clk 0:37:26]} Bd4 {[%clk 0:36:45]} 26. Ne2
{[%clk 0:36:39]} Qxd6 {[%clk 0:35:34]} 27. Bxe6 {[%clk 0:25:07]} Bxf2+
{[%clk 0:32:14]} 28. Kxf2 {[%clk 0:20:43]} fxe6+ {[%clk 0:32:27]} 29. Ke1
{[%clk 0:21:08]} Rf1+ {[%clk 0:31:45]} 30. Kxf1 {[%clk 0:21:34]} Qxd1+
{[%clk 0:32:10]} 31. Kf2 {[%clk 0:17:16]} Rf8+ {[%clk 0:32:35]} 32. Ke3
{[%clk 0:17:42]} Rd8 {[%clk 0:31:38]} 33. Qc3 {[%clk 0:15:42]} Qd7
{[%clk 0:27:23]} 34. b4 {[%clk 0:12:50]} c5 {[%clk 0:26:28]} 35. bxc5
{[%clk 0:12:54]} Qc8 {[%clk 0:26:41]} 36. Qc4 {[%clk 0:12:06]} Kh8
{[%clk 0:26:27]} 37. Qb5 {[%clk 0:11:19]} Qc7 {[%clk 0:26:06]} 38. Qa5
{[%clk 0:10:18]} Qb8 {[%clk 0:25:53]} 39. Qb6 {[%clk 0:10:31]} Qc8
{[%clk 0:26:07]} 40. Ra7 {[%clk 0:10:48]} Rf8 {[%clk 0:25:54]} 41. Qc7
{[%clk 0:11:05]} Rg8 {[%clk 0:25:07]} 42. Qxc8 {[%clk 0:11:26]} Rxc8
{[%clk 0:25:33]} 43. Ra5 {[%clk 0:11:52]} Kh7 {[%clk 0:25:55]} 44. Nc1
{[%clk 0:11:56]} Rc6 {[%clk 0:26:04]} 45. Nd3 {[%clk 0:12:21]} g5
{[%clk 0:26:08]} 46. Nxe5 {[%clk 0:12:44]} Rc7 {[%clk 0:26:35]} 47. c6
{[%clk 0:13:06]} g4 {[%clk 0:26:50]} 48. Rb5 {[%clk 0:13:32]} Rc8
{[%clk 0:26:30]} 49. Rb7+ {[%clk 0:13:56]} Kg8 {[%clk 0:26:49]} 50. Rd7
{[%clk 0:14:19]} h5 {[%clk 0:27:06]} 51. c7 {[%clk 0:14:44]} Rxc7
{[%clk 0:27:23]} 52. Rxc7 {[%clk 0:15:09]} h4 {[%clk 0:27:48]} 53. Kf4
{[%clk 0:15:33]} hxg3 {[%clk 0:28:40]} 54. hxg3 {[%clk 0:16:31]} Kh8
{[%clk 0:29:01]} 55. Kg5 {[%clk 0:16:55]} Kg8 {[%clk 0:29:24]} 56. Kg6
{[%clk 0:17:19]} Kf8 {[%clk 0:29:50]} 57. Kf6 {[%clk 0:17:44]} Kg8
{[%clk 0:30:09]} 58. Rc8+ {[%clk 0:18:10]} Kh7 {[%clk 0:30:34]} 59. Rd8 1-0

[Event "EUYCC 2025 - U10"]
[Site "?"]
[Date "2025.08.27"]
[Round "9.2"]
[White "Szczurek, Julia"]
[Black "Sirbu, Filip"]
[Result "0-1"]
[BlackElo "1697"]
[WhiteElo "1479"]
[LiveChessVersion "1.4.8"]

1. e4 {[%clk 1:30:58]} c6 {[%clk 1:30:56]} 2. d4 {[%clk 1:31:24]} d5
{[%clk 1:31:22]} 3. exd5 {[%clk 1:31:45]} cxd5 {[%clk 1:31:51]} 4. Bd3
{[%clk 1:32:02]} Nf6 {[%clk 1:32:18]} 5. h3 {[%clk 1:32:21]} Nc6 {[%clk 1:32:43]}
6. c3 {[%clk 1:32:45]} g6 {[%clk 1:33:11]} 7. Bf4 {[%clk 1:32:09]} Bf5
{[%clk 1:33:32]} 8. Nf3 {[%clk 1:31:17]} Bxd3 {[%clk 1:33:50]} 9. Qxd3
{[%clk 1:31:37]} Qb6 {[%clk 1:33:36]} 10. Nbd2 {[%clk 1:21:25]} Bg7
{[%clk 1:32:24]} 11. b3 {[%clk 1:17:13]} Rd8 {[%clk 1:27:32]} 12. O-O
{[%clk 1:13:35]} O-O {[%clk 1:26:43]} 13. Rfe1 {[%clk 1:10:33]} e6
{[%clk 1:23:15]} 14. Nf1 {[%clk 1:04:48]} a6 {[%clk 1:14:57]} 15. Rad1
{[%clk 1:01:49]} Rd7 {[%clk 1:05:03]} 16. c4 {[%clk 0:58:57]} dxc4
{[%clk 1:04:12]} 17. bxc4 {[%clk 0:58:49]} Nh5 {[%clk 1:01:18]} 18. Be3
{[%clk 0:58:10]} Qc7 {[%clk 0:51:31]} 19. Re2 {[%clk 0:51:12]} Rfd8
{[%clk 0:48:55]} 20. Qc3 {[%clk 0:49:21]} Nf4 {[%clk 0:46:13]} 21. Red2
{[%clk 0:47:03]} Nxd4 {[%clk 0:45:46]} 22. Kh1 {[%clk 0:40:24]} Nxf3
{[%clk 0:44:20]} 23. Rxd7 {[%clk 0:39:41]} Rxd7 {[%clk 0:44:39]} 24. Rxd7
{[%clk 0:40:05]} Qxd7 {[%clk 0:45:02]} 25. Qc1 {[%clk 0:39:19]} Nd3
{[%clk 0:43:30]} 26. Qb1 {[%clk 0:38:06]} Nfe1 {[%clk 0:42:23]} 27. Bd2
{[%clk 0:36:54]} Nxf2+ {[%clk 0:42:04]} 28. Kg1 Nxh3+ {[%clk 0:38:41]} 29. gxh3
{[%clk 0:35:12]} Nf3+ {[%clk 0:38:48]} 30. Kf2 {[%clk 0:35:19]} Nxd2
{[%clk 0:39:00]} 31. Nxd2 {[%clk 0:34:42]} Qxd2+ {[%clk 0:39:17]} 32. Kg1
{[%clk 0:35:02]} Bd4+ {[%clk 0:39:15]} 33. Kh1 {[%clk 0:35:19]} Qe3
{[%clk 0:38:35]} 34. Qf1 {[%clk 0:34:32]} Qe4+ {[%clk 0:38:09]} 35. Kh2
{[%clk 0:34:41]} Be5+ {[%clk 0:37:43]} 36. Kg1 {[%clk 0:35:07]} Qe3+
{[%clk 0:37:54]} 37. Kh1 {[%clk 0:35:22]} Qg3 {[%clk 0:38:10]} 38. Qe2
{[%clk 0:35:36]} Qxh3+ {[%clk 0:38:33]} 0-1